[Event "Elitzur Int Online"]
[Site "Chess.com INT"]
[Date "2020.11.01"]
[Round "11"]
[White "Kazakouski, Valery"]
[Black "Petrovsky, Vadim"]
[Result "0-1"]
[WhiteElo "2473"]
[BlackElo "1190"]
[PlyCount "116"]
[EventDate "2020.11.01"]
[EventType "swiss (blitz)"]
[EventRounds "11"]
[EventCountry "ISR"]
[SourceTitle "CBM 199 Extra"]
[Source "ChessBase"]
[SourceDate "2021.01.31"]
[SourceVersion "1"]
[SourceVersionDate "2021.01.31"]
[SourceQuality "1"]

1. d4 Nf6 2. Nf3 g6 3. c4 Bg7 4. g3 0-0 5. Bg2 d6 6. 0-0 Nbd7 7. Nc3 e5 8. e4 c6 9. h3 exd4 10. Nxd4 Qb6 11. Re1 Re8 12. Re2 Qb4 13. Rc2 Nc5 14. a3 Qb6 15. Be3 a5 16. b3 Qc7 17. f3 Qe7 18. Rb1 d5 19. cxd5 cxd5 20. Ndb5 dxe4 21. Nd5 Nxd5 22. Bxc5 Qg5 23. f4 Qd8 24. Nd6 Nc3 25. Rxc3 Bxc3 26. Nxe8 Qxe8 27. Qc2 Bf6 28. Qxe4 Bf5 29. Qxe8+ Rxe8 30. Rd1 Bc2 31. Rd7 Bxb3 32. Rxb7 Be6 33. Ra7 Bc3 34. Kf2 Rb8 35. Ra8 Rxa8 36. Bxa8 Bxh3 37. Ke3 Be6 38. Bd4 Be1 39. Kf3 f5 40. Bc6 Kf7 41. Kg2 Bb3 42. Bf2 Bc3 43. Bc5 Ke6 44. Kf2 Bd5 45. Bb5 Bg7 46. Ke3 Bc3 47. Kf2 Bb3 48. Bc6 Bc4 49. Bf8 Bd4+ 50. Ke1 Bb6 51. Bg7 Kd6 52. Bf3 Bd5 53. Bf8+ Kc6 54. Be2 Be3 55. Bd3 Bb3 56. Ke2 Bb6 57. Be7 Kd5 58. Bf8 Bc4 0-1